| 000 | 00607nam a22001697a 4500 | ||
|---|---|---|---|
| 008 | 160920b xxu||||| |||| 00| 0 eng d | ||
| 020 | _a0471566933 | ||
| 020 | _a0471542652 | ||
| 050 | _aQA 39.2 .V35 1991 | ||
| 100 | _aVanCleave, Janice Pratt | ||
| 245 |
_aJanice VanCleave's math for every kid: _beasy activities that makes learning math fun/ _cJanice VanCleave |
||
| 260 |
_aNew York: _bJohn Wiely and Sons, Inc. ; _c1991 |
||
| 300 |
_aviii, 215p. : _bill. ; _c16cm |
||
| 500 | _aIncludes index | ||
| 650 |
_aMathematics _xJuvenile Literature |
||
| 942 |
_2lcc _cBOOKS _hQA 39.2 .V35 1991 |
||
| 999 |
_c13868 _d13868 |
||